000 00645nam a2200205Ia 4500
005 20260121110226.0
008 008 260114s9999 xx 000 0 hin d
020 _a9788132366416
037 _aEBOOK
040 _aCRL
_bhin
_cCRL
041 _ahin
_2hin
084 _qCRL
100 _aकृष्णा गाबा / Krishna Gaba
_9943575
245 0 _aभारतीय विदेश नीति / Bhartiya Videsh Neeti
260 _bभाषा प्रकाशन / Bhasha Prakashan
_c2021
856 _uhttps://bhashaprakashan.com/product-details/379498
942 _cEBOOK
999 _c1535240
_d1535240